000 00615nam a2200205 a 4500
001 3559
005 20140414132028.0
008 040116s19uu xx 00 eng d
020 _a0-89565-293-5
050 _aTR
_bM66 1984
100 _aMoncure, Jane Belk
245 _aMy "v" book /
_cJane Belk Moncure.
260 _aChicago :
_bThe Child's Word,
_c1984.
300 _a29 p. ; cm.
440 _aMy first steps to reading
500 _aTR/PS
520 _aAfter putting violets, velvet and a veil in her box, little v makes valentine with them and gives a party.
650 _aAlphabet.
999 _c113574
_d113574